Quizzes
Events
Quiz Creation
Community
Videos
Private Events
Remove Ads
Sign In
Join for FREE
Feedback
Dark Mode
Quiz Categories
Sports
Geography
Music
Movies
Television
Just For Fun
Miscellaneous
History
Literature
Language
Science
Gaming
Entertainment
Religion
Holiday
For Kids
Quiz Lab
Recent
Popular Today
Quiz Kudos Today
Editor Picks
Curator Picks
Quizzes by...
Day
Popularity
Type
Ratings
Length
Year
Community
Subscriptions
Recent Discussions
Orange Saloon
Badges
Playlists
Quests
Create
Leaderboards
Showdown
Live 5
Trivia Bingo
Activity
Puzzle Library
Sporcle Events
Private Events
Virtual Trivia
Globe League
Become a Host
Pub Owners
SporcleCon
Opinionation
Our Games
Videos
Blog
Mobile Apps
Partnerships
Remove Ads and Go Orange
Feedback
Movies
Disney
Marvel Cinematic Universe
Movie Resume
Movie Titles
Oscar
Actor
Actress
Director
Pixar
Role
Movie Quotes
Movie Characters
Box Office
Nominee
Best Picture
Star Wars
James Bond
Horror Movies
Movies
Disney
Marvel Cinematic Universe
Movie Resume
Movie Titles
Oscar
Actor
Actress
Director
Pixar
Role
Movie Quotes
Movie Characters
Box Office
Nominee
Best Picture
Star Wars
James Bond
Horror Movies
Random Quiz
Search Sporcle
×
Quiz Lab
Quiz Lab
Movies
Clickable
Select answers by clicking on text or image buttons
Select answers by clicking on text or image buttons
Clickable
Best Score? Go Orange.
Acting Musicians Stats
Can you pick the musician that starred in the movie?
By
amwoods13
10m
60 Questions
164 Plays
164 Plays
164 Plays
Comments
Comments
Give Quiz Kudos
Give Quiz Kudos
-
- Ratings
hide this ad
More Info
Forced Order
Answers have to be entered in order
Answers have to be entered in order
Replay
Link that replays current quiz
Next Quiz
Link to next quiz in quiz playlist
You Got
0%
They Got
Avg Score
48%
Avg Friend Score
Upgrade to see
Score Distribution
Jump to the score distribution portion of the page
Score
0/60
Timer
10:00
0
Plays Today
% Correct
Eminem
89.6%
Prince
86%
Whitney Houston
85.4%
Will Smith
83.5%
Beyonce
77.4%
Jessica Simpson
75.6%
Mariah Carey
74.4%
Barbara Streisand
74.4%
Elvis Presley
71.3%
Justin Timberlake
70.7%
Madonna
69.5%
50 Cent
68.3%
Keith Richards
67.7%
Tina Turner
66.5%
Courtney Love
66.5%
Mandy Moore
64.6%
Bow Wow
64%
Queen Latifah
62.8%
Cher
62.8%
Mark 'Marky Mark' Wahlberg
62.8%
Dolly Parton
62.2%
Aaliyah
61.6%
Snoop Dogg
59.8%
Ice Cube
59.8%
Frank Sinatra
55.5%
Ludacris
53%
Janet Jackson
51.8%
Neil Diamond
48.8%
Bjork
46.3%
Bing Crosby
45.1%
% Correct
Dwight Yoakam
44.5%
Huey Lewis
43.9%
Ice T
42.7%
Kid Rock
42.7%
Sting
42.1%
LL Cool J
42.1%
Harry Connick, Jr.
41.5%
Tim McGraw
40.2%
Mos Def
39.6%
DMX
39.6%
Mick Jagger
39%
Kris Kristofferson
38.4%
Ringo Starr
35.4%
Art Garfunkel
34.8%
Andre 'Andre 3000' Benjamin
34.1%
Phil Collins
33.5%
Jack White
30.5%
David Bowie
27.4%
Tupac Shakur
26.8%
Debbie Harry
25.6%
Gavin Rossdale
25.6%
Joan Jett
25.6%
Donna Summer
24.4%
Jon Bon Jovi
23.8%
Chris Isaak
18.9%
Rick Springfield
15.9%
Jennifer Hudson
13.4%
Meat Loaf
12.2%
Erykah Badu
10.4%
Tricky
9.1%
Quiz Playlist
Details
Report
Send in Message
Add To Playlist
More Info:
Cameo appearances don't count.
Clickable:
Select answers by clicking on text or image buttons
Forced Order:
Answers have to be entered in order
Last Updated: Feb 16, 2017
Quiz Scoreboard
CHALLENGE
Sign Up to Join the Scoreboard
Show All
Scores
Hide
Comments
May contain spoilers
Recently Published
Movies - When Are They Set?
by FPL_Elf
Movies
5m
Popular People in 1961
by mucciniale
History
6m
1-10 Letter E Words III
by El_Dandy
Language
2m
More to Explore
Quiz From the Vault
Featured Blog Post
Where Did the Easter Bunny Come From?
hide this ad
You Might Also Like...
Tags
Actor Quiz
Clickable Quiz
Movie Titles Quiz
Musician
Starred
Today's Top Quizzes in Movies
Browse Movies
hide this ad
Today's Top Quizzes in Clickable
Browse Clickable
Top Contributed Quizzes in Movies
1
Pick 5 Posters: Directed by Spielberg
2
Multi-Oscar Nominations, One Movie, One Winner
3
One Thing in Common: Movies
4
12 Movies about Fictional 1960s Events
5
One Thing in Common: Movies II
6
Sunday Crossword: Film Score Composers
7
Three Word 'H' Movies Match Up
8
Three Word 'T' Movies Match Up
9
One Thing in Common: Oscars
10
Three Word 'M' Movies Match Up
Explore More
Trending Topics
Anime
NBA
Disney
Marvel
Harry Potter
Crossword
Kpop
WWE
Song
NFL
Country
Pokémon
The Office
Puzzle
Soccer
hide this ad
More By:
amwoods13
Quiz
Plays
Rating
Category
Featured
Created
Colorful Song Click 'Em
101,380
4.41
Music
May 8, 2012
Song Occupations
80,425
4.28
Music
May 20, 2012
Classic Rock from A to Z
60,844
4.44
Music
Aug 5, 2013
Lead Singer Match: Classic Rock
51,325
4.43
Music
Jan 8, 2013
Best Picture Nominee Slot Machine
50,367
4.62
Movies
Jun 4, 2012
Go to Creator's Profile
Score Distribution
Quiz Creator Spotlight
amwoods13
Follow
Send a Message
Quizzes Created
-
Created Quiz Play Count
-
More By This Creator
Popular Quizzes Today
1
Find the Countries of Europe - No Outlines Minefield
2
Find the US States - No Outlines Minefield
3
The Countries of the World
4
Popular People in 1961
5
US States
6
1-10 Letter E Words III
7
Find the US States
8
One Thing in Common: World Cities II
More Movies Quizzes
Troy Kotsur Movies: Picture Click
Quiz Lab
Trending Quizzes
Risky Map Clicking: Least Populous States A-Z
1-10 Letter F Words
Humor Books: The Subtitles
1-10 Letter G Words
One Thing in Common: United Kingdom
Recently Updated
Leaping Animals
pecheneg
Reality TV Shows (A-Z)
bhenderson79
Rickey Henderson's Hall of Fame Teammates
pecheneg
Champions League XIs: Arsenal
pecheneg
Quick Pick: Celebrities in WWE's Hall of Fame
aduchscher
A-Z Keypad Blitz II
pecheneg
Multiple Oscar Actors
pecheneg
Mystery Phrase Blitz: Oscar 'Best Actors'
pecheneg
F. Scott Fitzgerald Novels
LTH
Pick 3 Villains
ddd62291
Trending Topics
Crossword
Anime
NBA
Marvel
Kpop
Disney
Harry Potter
NFL
Pokémon
WWE
Puzzle
Country
Song
Soccer
The Office
Your Account Isn't Verified!
In order to create a playlist on Sporcle, you need to verify the email address you used during registration. Go to your
Sporcle Settings
to finish the process.
Report this User
Report this user for behavior that violates our
Community Guidelines
.
Details:
Send Report
Go to the Sporcle.com Mobile Site →
Comments